00977nam a2200217 i 450000100060000000300090000600500170001500700030003200800410003510000790007624501510015524600320030625000440033826000340038230000690041665000300048570000530051585200450056899900170061395201290063071518ES-MaACL20251213063018.0t|040812s1792 sp |||| | spa d1 aGenlis, Caroline-Stéphanie-Félicité Du Crest, ccomtesse de912728310aAdela y Teodoro o Cartas sobre la educación / cescritos en francés por la Condesa de Genlis y en castellano por Bernardo María del Calzada.30aCartas sobre la educación a2ª edición... aumentada y corregida. aMadrid : bImp. Real, c1792. a3 v. ([4], XII, 414, [2], V, 376, [2], VI, 261 p.) ; c18 cm. 7aEducación2embne9120731 aCalzada, Bernardo María de, d1751-1825933934 aES-MaACLjR-1221-23 x Olim: G-11135-37 c71518d71518 001040708LIBXVIIIaATENEOMbATENEOMcDEPOd2008-01-17eSCl0oR-1221-23p1074875r2023-02-23 00:00:00w2023-02-23yMONANT